Common Names for B Group Vitamins - Statistics

General Stats
  • This quiz has been taken 289 times
  • The average score is 3 of 8
Answer Stats
Hint Answer % Correct
B3 Niacin
73%
B2 Riboflavin
67%
B1 Thiamine
56%
B9 Folic Acid
37%
B7 Biotin
28%
B12 Cobalamin
24%
B5 Pantothenic Acid
17%
B6 Pyridoxine
16%
No matching quizzes found
Score Distribution
Percent of People with Each Score
Percentile by Number Answered
Your Score History
You have not taken this quiz